<?xml version="1.0" encoding="UTF-8"?>
<record
    xmlns:xsi="http://www.w3.org/2001/XMLSchema-instance"
    xsi:schemaLocation="http://www.loc.gov/MARC21/slim http://www.loc.gov/standards/marcxml/schema/MARC21slim.xsd"
    xmlns="http://www.loc.gov/MARC21/slim">

  <leader>03255cam a22004454i 4500</leader>
  <controlfield tag="003">PE-LiUPU</controlfield>
  <controlfield tag="005">20250731165434.0</controlfield>
  <controlfield tag="008">160425s2015    pe a   grm    000 0 spa d</controlfield>
  <datafield tag="035" ind1=" " ind2=" ">
    <subfield code="a">(Sirsi) a156549</subfield>
  </datafield>
  <datafield tag="040" ind1=" " ind2=" ">
    <subfield code="a">PE-LiUPU</subfield>
    <subfield code="b">spa</subfield>
    <subfield code="c">PE-LiUPU</subfield>
    <subfield code="e">rda</subfield>
  </datafield>
  <datafield tag="099" ind1=" " ind2=" ">
    <subfield code="a">TPS 2</subfield>
    <subfield code="b">R54 2015</subfield>
  </datafield>
  <datafield tag="100" ind1="1" ind2=" ">
    <subfield code="a">Richard Alarc&#xF3;n, Katterine Dennise</subfield>
    <subfield code="e">autor</subfield>
  </datafield>
  <datafield tag="245" ind1="1" ind2=" ">
    <subfield code="a">Satisfacci&#xF3;n laboral y compromiso organizacional en colaboradores de una empresa retail, Lima, 2014 /</subfield>
    <subfield code="c">Katterine Dennise Richard Alarc&#xF3;n.</subfield>
  </datafield>
  <datafield tag="264" ind1=" " ind2="0">
    <subfield code="c">2015.</subfield>
  </datafield>
  <datafield tag="300" ind1=" " ind2=" ">
    <subfield code="a">72 hojas : </subfield>
    <subfield code="b">ilustraciones;</subfield>
    <subfield code="c">30 cm</subfield>
  </datafield>
  <datafield tag="336" ind1=" " ind2=" ">
    <subfield code="a">text</subfield>
    <subfield code="2">rdacontent</subfield>
  </datafield>
  <datafield tag="337" ind1=" " ind2=" ">
    <subfield code="a">unmediated</subfield>
    <subfield code="2">rdamedia</subfield>
  </datafield>
  <datafield tag="338" ind1=" " ind2=" ">
    <subfield code="a">volume</subfield>
    <subfield code="2">rdacarrier</subfield>
  </datafield>
  <datafield tag="502" ind1=" " ind2=" ">
    <subfield code="a">Tesis</subfield>
    <subfield code="b">(Lic.) -- </subfield>
    <subfield code="c">Universidad Peruana Uni&#xF3;n,</subfield>
    <subfield code="d">2015.</subfield>
  </datafield>
  <datafield tag="504" ind1=" " ind2=" ">
    <subfield code="a">Incluye referencias</subfield>
  </datafield>
  <datafield tag="520" ind1="3" ind2=" ">
    <subfield code="a">La presente investigaci&#xF3;n tiene por objetivo la relaci&#xF3;n entre la satisfacci&#xF3;n laboral y el compromiso organizacional en colaboradores de una empresa retail, Lima, 2014. Se trata de un estudio de tipo descriptivo-correlacional, con dise&#xF1;o no experimental de corte transversal. Los instrumentos utilizados fueron: La escala de satisfacci&#xF3;n laboral, elaborada por Materan (2007), y la escala de compromiso organizacional de Allen y Meyer (1990) modificado por Cerde&#xF1;o y Pirela (2002). La muestra estuvo compuesta por 136 colaboradores contratados. Los resultados obtenidos confirman la hip&#xF3;tesis de que existe una relaci&#xF3;n positiva y significativa entre el compromiso organizacional y la satisfacci&#xF3;n laboral. Asimismo, se hall&#xF3; una relaci&#xF3;n positiva y altamente significativa entre los factores intr&#xED;nsecos y los componentes afectivo, continuaci&#xF3;n y normativo del compromiso organizacional. De la misma forma, se encontr&#xF3; una relaci&#xF3;n positiva y altamente significativa entre los factores extrinseco y el componente afectivo del compromiso organizacional y participaci&#xF3;n de la familia en la educaci&#xF3;n es un factor fundamental para el &#xE9;xito acad&#xE9;mico del estudiante, y esto se cumple tanto en la educaci&#xF3;n regular como en la educaci&#xF3;n especial. Una de las formas en que la familia participa es a trav&#xE9;s de las escuelas para padres, en el caso del Centro Ann Sullivan del Per&#xFA; esta participaci&#xF3;n se da a trav&#xE9;s del programa de Escuelas de Familias, que busca involucrar no s&#xF3;lo a los padres sino a toda la familia como responsable de la educaci&#xF3;n del estudiante. Este estudio analiz&#xF3; las diferencias entre los factores asociados a la participaci&#xF3;n de los familiares en las Escuelas de Familias y se realiz&#xF3; a trav&#xE9;s de un estudio longitudinal de seis a&#xF1;os (2005-2010), tom&#xE1;ndose como objeto de estudio a toda la poblaci&#xF3;n representada por un promedio 350 familias por a&#xF1;o.</subfield>
  </datafield>
  <datafield tag="526" ind1=" " ind2=" ">
    <subfield code="a">SEG44</subfield>
  </datafield>
  <datafield tag="526" ind1=" " ind2=" ">
    <subfield code="a">SEG26</subfield>
  </datafield>
  <datafield tag="526" ind1=" " ind2=" ">
    <subfield code="a">P151</subfield>
  </datafield>
  <datafield tag="526" ind1=" " ind2=" ">
    <subfield code="a">P150</subfield>
  </datafield>
  <datafield tag="526" ind1=" " ind2=" ">
    <subfield code="a">P149</subfield>
  </datafield>
  <datafield tag="526" ind1=" " ind2=" ">
    <subfield code="a">P146</subfield>
  </datafield>
  <datafield tag="526" ind1=" " ind2=" ">
    <subfield code="a">P145</subfield>
  </datafield>
  <datafield tag="526" ind1=" " ind2=" ">
    <subfield code="a">P126</subfield>
  </datafield>
  <datafield tag="526" ind1=" " ind2=" ">
    <subfield code="a">P125</subfield>
  </datafield>
  <datafield tag="526" ind1=" " ind2=" ">
    <subfield code="a">P92</subfield>
  </datafield>
  <datafield tag="526" ind1=" " ind2=" ">
    <subfield code="a">P75</subfield>
  </datafield>
  <datafield tag="526" ind1=" " ind2=" ">
    <subfield code="a">P74</subfield>
  </datafield>
  <datafield tag="526" ind1=" " ind2=" ">
    <subfield code="a">P27</subfield>
  </datafield>
  <datafield tag="526" ind1=" " ind2=" ">
    <subfield code="a">P15</subfield>
  </datafield>
  <datafield tag="650" ind1="0" ind2="4">
    <subfield code="a">Satisfacci&#xF3;n laboral</subfield>
    <subfield code="x">lCompromiso organizacional.</subfield>
  </datafield>
  <datafield tag="596" ind1=" " ind2=" ">
    <subfield code="a">1</subfield>
  </datafield>
  <datafield tag="942" ind1=" " ind2=" ">
    <subfield code="2">ddc</subfield>
    <subfield code="c">TESIS</subfield>
  </datafield>
  <datafield tag="999" ind1=" " ind2=" ">
    <subfield code="a">TPS 2 R54 2015</subfield>
    <subfield code="w">ALPHANUM</subfield>
    <subfield code="c">9208</subfield>
    <subfield code="i">T01917</subfield>
    <subfield code="l">CCODEBUL3</subfield>
    <subfield code="m">BUL</subfield>
    <subfield code="r">1</subfield>
    <subfield code="s">Y</subfield>
    <subfield code="t">TESIS</subfield>
    <subfield code="u">2016-4-25</subfield>
    <subfield code="x">SALUD</subfield>
    <subfield code="P">P33</subfield>
    <subfield code="o">.STAFF. Tesis</subfield>
    <subfield code="d">9208</subfield>
  </datafield>
  <datafield tag="980" ind1=" " ind2=" ">
    <subfield code="8">1</subfield>
    <subfield code="g">ALBERTO SANCHEZ Responsable de Automatizaci&#xF3;n</subfield>
  </datafield>
  <datafield tag="952" ind1=" " ind2=" ">
    <subfield code="r">2022-07-06 00:00:00</subfield>
    <subfield code="l">0</subfield>
    <subfield code="o">TPS 2 R54 2015</subfield>
    <subfield code="p">T01917</subfield>
    <subfield code="t">e1</subfield>
    <subfield code="w">2016-04-25</subfield>
    <subfield code="x">FCS</subfield>
    <subfield code="y">TESIS</subfield>
    <subfield code="z">Este &#xCD;tem NO se presta por ser Ejemplar #1.</subfield>
    <subfield code="1">0</subfield>
    <subfield code="2">ddc</subfield>
    <subfield code="7">1</subfield>
    <subfield code="8">TESIS</subfield>
    <subfield code="f">P33</subfield>
    <subfield code="a">BUL</subfield>
    <subfield code="b">BUL</subfield>
    <subfield code="c">TESIS</subfield>
    <subfield code="d">2016-04-25</subfield>
  </datafield>
</record>
